Angola :Guerra de Libertacao e Independencia (Record no. 2160)

MARC details
000 -Etiqueta do registo
Campo de controlo de comprimento fixo 00369 a2200145 4500
020 ## - ISBN (NÚMERO DE LIVRO PADRÃO INTERNACIONAL)
ISBN 978-989-761-117-9
040 ## - Fonte de Catalogação
Agência de catalogação Biblioteca Geral- Universidade Lusíada de Angola
082 ## - DEWEY DECIMAL CLASSIFICATION NUMBER
Classificador- CDU 324
100 ## - Nome Pessoal
9 (RLIN) 964
Autor XIETU ,Joao ,Luis ,Neto ;Silva ,Luis ,Antonio
245 ## - Declaração de Título
Título Angola :Guerra de Libertacao e Independencia
260 ## - Publicação e Destribuíção
Local de edição/distribuição Luanda,
Editor/distribuidor Mayamba
Data de edição/distribuição 2017.
300 ## - Descrição Física
Nº Pág. 226p
650 ## - MATERIA
MATERIA Politica
942 ## - - Elementos de entrada adicionados (koha)
Tipo de documento Livros
Holdings
Withdrawn status Lost status Source of classification or shelving scheme Damaged status Not for loan Permanent Location Current Location Date acquired Inventory number Total Checkouts Full call number Barcode Date last seen Price effective from Koha item type
    Dewey Decimal Classification     Biblioteca Geral- Universidade Lusíada de Angola Biblioteca Geral- Universidade Lusíada de Angola 05/01/2026 9 (1)   324 2026-0003 05/01/2026 05/01/2026 Livros